000
00322nam a22001337a 4500
008
170622b xxu||||| |||| 00| 0 eng d
020
_a
0582282489
041
_a
eng
080
_a
32
100
_a
20
101
_a
SHP
245
_a
REACHING DECISIONS IN PUBLIC POLICY AND ADMINISTRATION
_c
BINGHAM, R.D
942
_2
udc
_c
BK
999
_c
18742
_d
18742